|
|
|
|
| LEADER |
01949nam a2200505 a 4500 |
| 001 |
nkc20152681495 |
| 003 |
CZ PrNK |
| 005 |
20180503121052.0 |
| 007 |
ta |
| 008 |
150302s2013 xr a e p 001 0 cze |
| 015 |
|
|
|a cnb002681495
|
| 020 |
|
|
|a 978-80-7248-889-6
|q (brož.)
|
| 035 |
|
|
|a (OCoLC)907531354
|
| 040 |
|
|
|a OLA001
|b cze
|
| 072 |
|
7 |
|a 640.4
|x Hotelnictví. Stravování
|2 Konspekt
|9 19
|
| 072 |
|
7 |
|a 37.016
|x Učební osnovy. Vyučovací předměty. Učebnice
|2 Konspekt
|9 22
|
| 080 |
|
|
|a 640.4
|2 MRF
|
| 080 |
|
|
|a 615.838
|2 MRF
|
| 080 |
|
|
|a [007+004]:658
|2 MRF
|
| 080 |
|
|
|a 004.9:640.41
|2 MRF
|
| 080 |
|
|
|a (075.8)
|2 MRF
|
| 100 |
1 |
|
|a Janík, Petr,
|d 1978-
|7 osd2015865739
|4 aut
|
| 245 |
1 |
0 |
|a Informační systémy v hotelovém a lázeňském provozu /
|c Petr Janík
|
| 250 |
|
|
|a Vyd. 1.
|
| 260 |
|
|
|a Opava :
|b Slezská univerzita v Opavě, Filozoficko-přírodovědecká fakulta, Ústav lázeňství, gastronomie a turismu,
|c 2013
|
| 300 |
|
|
|a 74 s. :
|b il. ;
|c 30 cm
|
| 500 |
|
|
|a 100 výt.
|
| 504 |
|
|
|a Obsahuje bibliografii, bibliografické odkazy a rejstřík
|
| 521 |
8 |
|
|a Určeno studentům bakalářského oboru Lázeňství a turismus
|
| 650 |
0 |
7 |
|a hotelnictví
|7 ph120832
|2 czenas
|
| 650 |
0 |
7 |
|a lázeňství
|7 ph115189
|2 czenas
|
| 650 |
0 |
7 |
|a podnikové informační systémy
|7 ph121104
|2 czenas
|
| 650 |
0 |
7 |
|a hotelový software
|7 ph534680
|2 czenas
|
| 650 |
0 |
9 |
|a hotel-keeping
|2 eczenas
|
| 650 |
0 |
9 |
|a balneology
|2 eczenas
|
| 650 |
0 |
9 |
|a management information systems
|2 eczenas
|
| 650 |
0 |
9 |
|a hotel software
|2 eczenas
|
| 655 |
|
7 |
|a učebnice vysokých škol
|7 fd133772
|2 czenas
|
| 655 |
|
9 |
|a textbooks (higher)
|2 eczenas
|
| 710 |
2 |
|
|a Slezská univerzita.
|b Ústav lázeňství, gastronomie a turismu
|7 osa2013797592
|
| 910 |
2 |
|
|a BOA001
|b 4-1343.492
|
| 990 |
|
|
|a BK
|
| 995 |
|
|
|a 01
|
| 991 |
|
|
|b 201503
|c NOV
|e n
|
| 996 |
6 |
|
|b 2610625260
|c 4-1343.492
|l MZK
|r Sklad / do 1 hodiny
|n 4
|p p.v.
|w 001495116
|u 000010
|a 1
|e BOA001
|j MZK50
|s P
|